Central Library OPAC University of Rajshahi

Electromagnetic theory and wave propagation / (Record no. 53266)

MARC details
000 -LEADER
fixed length control field 00774nam a2200253 a 4500
001 - CONTROL NUMBER
control field 53266
003 - CONTROL NUMBER IDENTIFIER
rucl marc code BD-RjUL
005 - DATE AND TIME OF LATEST TRANSACTION
control field 20211209075932.0
008 - FIXED-LENGTH DATA ELEMENTS--GENERAL INFORMATION
fixed length control field 161004s2006 ii ac b 001 0 eng d
020 ## - INTERNATIONAL STANDARD BOOK NUMBER
International Standard Book Number 8173194319
035 ## - SYSTEM CONTROL NUMBER
System control number (BD-RjUL)53386
040 ## - CATALOGING SOURCE
Original cataloging agency HUA
Transcribing agency HUA
Modifying agency ORE
-- BD-RjUL
Language of cataloging eng
041 ## - LANGUAGE CODE
Language code of text/sound track or separate title eng
082 00 - DEWEY DECIMAL CLASSIFICATION NUMBER
Classification number 530.141
Edition number 23
Author mark and year GHE 2006
100 1# - MAIN ENTRY--PERSONAL NAME
Personal name Ghosh, S. N.
9 (RLIN) 159214
245 10 - TITLE STATEMENT
Title Electromagnetic theory and wave propagation /
Statement of responsibility, etc. S.N. Ghosh.
250 ## - EDITION STATEMENT
Edition statement 2nd ed.
260 ## - PUBLICATION, DISTRIBUTION, ETC. (IMPRINT)
Place of publication, distribution, etc. New Delhi :
Name of publisher, distributor, etc. Narosa publishing House,
Date of publication, distribution, etc. 2002[Reprint 2006].
300 ## - PHYSICAL DESCRIPTION
Pagination xvi, 259 p. :
Illustrations ill. ;
Size 25 cm.
504 ## - BIBLIOGRAPHY, ETC. NOTE
Bibliography, etc Includes bibliographical references and index.
650 #0 - SUBJECT ADDED ENTRY--TOPICAL TERM
Topical term or geographic name as entry element Electromagnetic theory.
9 (RLIN) 117647
Topical term or geographic name as entry element Electromagnetic waves.
9 (RLIN) 159215
942 ## - ADDED ENTRY ELEMENTS (KOHA)
Source of classification or shelving scheme Dewey Decimal Classification
Koha item type Books
Holdings
Lost status Source of classification or shelving scheme Damaged status Not for loan Collection code Permanent Location Current Location Shelving location Date acquired Source of acquisition Cost, normal purchase price Total Checkouts Full call number Date last seen Date checked out Copy number Koha item type
  Dewey Decimal Classification     Non-fiction Central Library, University of Rajshahi Central Library, University of Rajshahi   27/04/2008 Dhaka,Paragon Enterprise Lit., 225.00 1 530.141 GHE 2006 28/03/2018 01/03/2018 C-2 Books
  Dewey Decimal Classification   Not For Loan Non-fiction Central Library, University of Rajshahi Central Library, University of Rajshahi Reading Room 27/04/2008 Dhaka, Paragon Enterprise ltd. 225.00   530.141 GHE 2006 25/03/2017   C-1 Books